Vida no ventre: mamíferos (Registo nº 882)
[ vista simples ]
| 000 -Etiqueta do registo | |
|---|---|
| Cabeçalho | 00409 a2200193 4500 |
| 005 - Identificador da versão | |
| Campo de controlo | 20240819123106.0 |
| 021 ## - Número do Depósito Legal | |
| Código do país | PT |
| 035 ## - Other System Control Numbers | |
| System Control Number | 0000950 |
| System Control Number | 0000943 |
| System Control Number | 0000929 |
| 100 ## - Dados gerais de processamento | |
| Dados gerais de processamento | 20090204 m y0pory5003 ba |
| 101 0# - Língua de publicação | |
| Língua do texto, banda sonora, etc. | Português |
| Língua do documento no original | Inglês |
| 102 ## - Pais de publicação ou produção | |
| País de publicação | Portugal |
| 200 1# - Titulo e menção de responsabilidade | |
| Título próprio | Vida no ventre: mamíferos |
| 210 ## - Publicação, Distribuição, etc. | |
| Lugar da edição, distribuição, etc. | Lisboa |
| Nome do editor, distribuidor, etc. | Correio da manhã |
| 942 ## - Elementos de entrada adicionados (Koha) | |
| Tipo de item no Koha | DVD |
| 966 ## - Identificação da Biblioteca | |
| Sigla | NUMETECA |
| Situação do levantamento | Origin of item (home branch) (coded) | Biblioteca de empréstimo | Código de barras | Cota | Circulation type (not for loan) | Tipo de documento | Nota do exemplar | Damaged status |
|---|---|---|---|---|---|---|---|---|
| Biblioteca Escolar Eng. Nuno Mergulhão | Biblioteca Escolar Eng. Nuno Mergulhão | BENM81DVD | NF VID 81 | DVD | Sem mensagem |
